000
00350pab a2200157 454500
008
180718b2000 xxu||||| |||| 00| 0 eng d
245
_a
SPECIAL issue on urban poverty
260
_c
2000
300
_a
p.5-107
362
_a
Apr
650
_a
Poor - India
650
_a
Poverty - India
650
_a
Poverty
773
_a
Shelter
909
_a
45270
999
_c
45270
_d
45270